000 01184nam a22003257a 4500
001 BR8501150
003 BR-BrBNA
005 20230928092059.0
007 ta
008 230509b bl.||||| |||| 00| 0 por d
040 _aBR-BrBNA
_bpor
_cBiblioteca Nacional de Agricultura
041 _a(Por)
072 _aF21
_b3140
_b/G514
_b/GZ72
090 _ 3140 BR8501150
100 1 _aCarvalho, E.M.S.
110 1 _aUniversidade Federal de Vicosa, MG (Brasil)
_0Tese (Magister Scientiae)
245 1 _aCaracterizacao e classificacao de ectomicorrizas de Pinus spp. encontradas em duas florestas de Minas Gerais [Brasil]
246 1 _a[Characterization and classification of ectomycorrhizae in Pinus spp. found in two forests of Minas Gerais [Brazil]]
260 3 _aVicosa, MG (Brasil):
_c1984.
300 _a52 p.
500 _a8 illus.; Bibliography p. 48-52 (52 ref.); Summary (Por). (*) Documento disponível na(o) Universidade Federal de Vicosa, MG (Brazil)
650 _aPINHEIRO
650 _aMICORRIZA
650 _aFUNGO
650 _aMICROBIOLOGIA DO SOLO
650 _aFLORESTA
650 _aMINAS GERAIS
909 _a202309
_bLucia
_c55
_dLucia Elande
942 _cBK
999 _c37045
_d37045